Forestry Tools - Dibble Iron-Specification (Record no. 1991)

MARC details
000 -LEADER
fixed length control field 00279nam a22001217a 4500
041 ## - LANGUAGE CODE
Language code of text/sound track or separate title ENG
100 ## - MAIN ENTRY--PERSONAL NAME
Personal name 65.060.80
245 ## - TITLE STATEMENT
Title Forestry Tools - Dibble Iron-Specification
260 ## - PUBLICATION, DISTRIBUTION, ETC. (IMPRINT)
Place of publication, distribution, etc New Delhi
Name of publisher, distributor, etc BIS
Date of publication, distribution, etc 1998
300 ## - PHYSICAL DESCRIPTION
Extent 02
650 ## - SUBJECT ADDED ENTRY--TOPICAL TERM
Topical term or geographic name as entry element BIS-Test Code
856 ## - ELECTRONIC LOCATION AND ACCESS
Uniform Resource Identifier BIS-Test Code
Holdings
Withdrawn status Lost status Source of classification or shelving scheme Damaged status Not for loan Home library Current library Shelving location Date acquired Total Checkouts Barcode Date last seen Price effective from Koha item type
    Dewey Decimal Classification     College of Agricultural Engineering and Technology, Dapoli , Library College of Agricultural Engineering and Technology, Dapoli , Library Book Cart 06/10/2021   004883 06/10/2021 06/10/2021 Books

Contact Us: College of Agricultural Engineering and Technology, Dapoli, Dist.- Ratnagiri
Website: https://dbskkv.org Email: caetlibrary2015@gmail.com